Immigration Katar - Statistiken

Allgemein
  • Dieses Quiz wurde 49 mal gespielt
    40 seit der letzten Aktualisierung
  • Das Durchschnittsergebnis liegt bei 9 aus 14
Antwortstatistiken
Platz Land Anzahl % Korrekt
1. Indien 700.000
94%
6. Pakistan 150.000
86%
12. Iran 30.000
81%
2. Bangladesch 400.000
72%
10. Vereinigte Staaten 40.000
72%
2. Nepal 400.000
67%
9. Syrien 54.000
67%
4. Ägypten 300.000
64%
14. Vereinigtes Königreich 22.000
58%
7. Sri Lanka 140.000
56%
8. Sudan 60.000
50%
5. Philippinen 236.000
47%
10. Libanon 40.000
42%
12. Kenia 30.000
31%
Keine übereinstimmenden Quizze gefunden
Verteilung der Resultate
Anzahl Personen mit jedem Resultat
Perzentil nach korrekt beantworteten Fragen
Ihre Resultats-Entwicklung
Sie haben dieses Quiz seit der letzten Aktualisierung nicht gespielt